Famous British Actors from BBC TV's Waking The Dead - Photo Quiz - Statistics

General Stats
  • This quiz has been taken 40 times
  • The average score is 7 of 20
Answer Stats
Picture Hint Answer % Correct
Trevor Eve
69%
Peter Capaldi
66%
First name & surname required Timothy West
62%
Warren Mitchell
48%
Annette Crosbie
45%
Frances de la Tour
45%
Sue Johnston
45%
Claire Goose
38%
Lynda Bellingham
38%
Patricia Hodge
38%
Better known as a film director Ken Russell
31%
First name & surname required Samuel West
31%
Wil Johnson
31%
Phil Daniels
28%
Cherie Lunghi
24%
Clive Wood
21%
Holly Aird
17%
David Hemmings
14%
Shirley Anne Field
14%
Graham Crowden
7%
No matching quizzes found
Score Distribution
Percent of People with Each Score
Percentile by Number Answered
Your Score History
You have not taken this quiz